00922nam a22001575i 4500001000700000003000900007005001700016008004100033040002000074100004500094245023500139260006100374300003000435650003900465852026000504166539ES-MaACL20250730063147.0960429s1794 sp |||| | spa d aCAM bspa cCAM1 aTorres Villarroel, Diego de, d1693-177010aTratados físicos, médicos y morales, vida natural y católica b: medicina segura para mantener menos enferma la organización del cuerpo y asegurar al alma la eterna salud / cpor... Diego de Torres Villarroel...; tomo IV. aMadrid : ben la imprenta de la viuda de Ibarra, c1794. a[14], VI, 431 p. ; c8º.04aMedicina-vObras anteriores a 1800 aES-MaACLjR-2207-21 z-- Enc. pasta española z-- Prelim. mal enc. y las VI pp. de Indices enc. al final de la obra x-- Edic.: según Palau es el T. IV de la segunda ed. de las "Obras" -- Añadir T596 Marca tip. en port. Olim: C-31414-28.